ბათუმის შოთა რუსთაველის სახელმწიფო უნივერსიტეტის ბიბლიოთეკა

ქართველი ხალხის ეთნოლოგიური ლექსიკონი : აჭარა / (ბიბ.ჩანაწერი № 57040)

000 -ლიდერი
ფიქსირებული სიგრძის საკონტროლო ველი 01705nam a22002537a 4500
003 - საკონტროლო ნომრის იდენტიფიკატორი
საკონტროლო ველი Ge_BSU
005 - ბოლო ოპერაციის თარიღი და დრო
საკონტროლო ველი 20191030161038.0
008 - ფიქსირებული სიგრძის მონაცემთა ელემენტები - ზოგადი ინფორმაცია
ფიქსირებული სიგრძის საკონტროლო ველი 191030s2018 ge ||||| |||| 00| 0 geo d
020 ## - წიგნის საერთაშორისო სტანდარტული ნომერი
International Standard Book Number 9789941802737
041 ## - ენის კოდი
Language code of text/sound track or separate title geo
080 ## - უნივერსალური ათობითი კლასიფიკაციის ინდექსი
Universal Decimal Classification number 39(038) ქ-27
245 ## - ცნობა სათაურის შესახებ
Title ქართველი ხალხის ეთნოლოგიური ლექსიკონი : აჭარა /
Statement of responsibility, etc ავტორ-შემდგენელნი: ნუგზარ მგელაძე ; თემურ ტუნაძე ; ლია მელიქიშვილი [სხვ.] რედ : როინ მეტრეველი.
264 ## - წარმოების, გამოცემის, დისტრიბუციის და სხვა ცნობები
გამოცემის, წარმოების, დისტრიბუციის... ადგილი თბილისი :
გამოცემის, წარმოების, დისტრიბუციის... სახელწოდება "სამშობლო",
გამოცემის, წარმოების, დისტრიბუციის... თარიღი 2018.
300 ## - ფიზიკური აღწერა
Extent 640 გვ. :
Other physical details ილ., ფოტ. ;
Dimensions 30 სმ.
505 ## - FORMATTED CONTENTS NOTE
Formatted contents note ბიბლიოგრ.: გვ. 631-640.
520 ## - SUMMARY, ETC.
Summary, etc თავფურცლის მე-2 გვერდი ინგლ. ენაზე.
653 ## - INDEX TERM--UNCONTROLLED
Uncontrolled term ქართული ეთნოლოგია -- ლექსიკონები. აჭარის ეთნოლოგია.
700 ## - ADDED ENTRY--PERSONAL NAME
Personal name მგელაძე, ნუგზარ
9 (RLIN) 5120
700 ## - ADDED ENTRY--PERSONAL NAME
Personal name ტუნაძე, თემურ
9 (RLIN) 5121
700 ## - ADDED ENTRY--PERSONAL NAME
Personal name მელიქიშვილი, ლია
9 (RLIN) 159
700 ## - ADDED ENTRY--PERSONAL NAME
Personal name მეტრეველი, როინ
Relator term რედაქტორი
9 (RLIN) 5122
710 ## - ADDED ENTRY--CORPORATE NAME
Relator term ბათუმის შოთა რუსთაველის სახელმწ. უნ-ტი, ჰუმანიტარულ მეცნიერებათა ფაკ-ტი, ქართველოლოგიური კვლევის ცენტრი
9 (RLIN) 5123
942 ## - ADDED ENTRY ELEMENTS (KOHA)
Source of classification or shelving scheme
Koha item type წიგნი
ეგზემპლარები
ჩამოწერის სტატუსი დაკარგული ეგზემპლარის სტატუსი კლასიფიკაციის წყარო ან თაროზე გაწყობის სქემა დაზიანების სტატუსი არ გაიცემა მუდმივი მდებარეობა (დაცვის ადგილი) ამჟამინდელი ადგილსამყოფელი თაროზე განთავსების ადგილი შეძენის თარიღი ღირებულება, შესყიდვის ნორმალური ფასი სრული შენახვის შიფრი შტრიხკოდი ბოლო ოპერაციის თარიღი ეგზემპლარის მიმდევრობითი ნომერი (კეტერი?) ფასის ძალაში შესვლის თარიღი ეგზემპლარის სახეობა საჯარო შენიშვნა
          ბათუმის შოთა რუსთაველის სახელმწიფო უნივერსიტეტის მთავარი ბიბლიოთეკა ბათუმის შოთა რუსთაველის სახელმწიფო უნივერსიტეტის მთავარი ბიბლიოთეკა წიგნსაცავი 2019-10-30 50.00 39(038) ქ-27 59063 2019-10-30 59063 2019-10-30 წიგნი 50.00